| 000 | 00516cam a2200181ua 4500 | ||
|---|---|---|---|
| 020 | _c95.00 | ||
| 041 |
_aeng _h |
||
| 082 |
_a004.16 _bBAR/IN |
||
| 100 | _aBarney, George C . | ||
| 245 |
_aIntelligent instrumentation: microprocessor applications in measurement and control / _cGeorge Barney C. _hTextual Documents |
||
| 250 |
_a2 / _b. |
||
| 260 |
_aNew Delhi : _bPrentice Hall of India Pvt Ltd. , _c1992. |
||
| 300 | _a467 ; . | ||
| 365 | _a95.00 | ||
| 504 | _a | ||
| 942 | _cBK | ||
| 999 |
_c9749 _d9749 |
||